[Event "Parla 25 Jubilee op"]
[Site "Parla"]
[Date "2008.09.09"]
[Round "4"]
[White "Gutierrez Garcia, Alberto"]
[Black "Prada Teruel, Carlos"]
[Result "0-1"]
[WhiteElo "1742"]
[BlackElo "1949"]
[PlyCount "78"]
[EventDate "2008.09.06"]
[EventType "swiss"]
[EventRounds "9"]
[EventCountry "ESP"]
[SourceTitle "CBM 126 Extra"]
[Source "ChessBase"]
[SourceDate "2008.11.05"]
[SourceVersion "1"]
[SourceVersionDate "2008.11.05"]
[SourceQuality "1"]

1. e4 c5 2. c4 Nc6 3. Nc3 g6 4. g3 Bg7 5. Bg2 e6 6. Nge2 Nge7 7. 0-0 0-0 8. d3 d6 9. f4 Nd4 10. Be3 Nec6 11. Rb1 a6 12. a3 Rb8 13. b4 b6 14. b5 Nxe2+ 15. Nxe2 axb5 16. Rxb5 Nd4 17. Nxd4 cxd4 18. Bd2 Ba6 19. Rb2 b5 20. cxb5 Bxb5 21. Bb4 Qd7 22. Qd2 Rfc8 23. Rc2 Rxc2 24. Qxc2 Rc8 25. Qd2 Bf8 26. Bh3 d5 27. f5 dxe4 28. Bxf8 Rxf8 29. f6 e3 30. Qe2 Qd5 31. Bg2 Qb3 32. Be4 Qxa3 33. Rf3 Rc8 34. Rf1 Rc1 35. Kg2 Rxf1 36. Qxf1 Qb2+ 37. Kf3 Qxh2 38. Qa1 Qf2+ 39. Kg4 Qxf6 0-1

[Event "Parla 25 Jubilee op"]
[Site "Parla"]
[Date "2008.09.07"]
[Round "2"]
[White "Perez Gonzalez, Jose Manuel"]
[Black "Prada Teruel, Carlos"]
[Result "1-0"]
[WhiteElo "2255"]
[BlackElo "1949"]
[PlyCount "63"]
[EventDate "2008.09.06"]
[EventType "swiss"]
[EventRounds "9"]
[EventCountry "ESP"]
[SourceTitle "CBM 126 Extra"]
[Source "ChessBase"]
[SourceDate "2008.11.05"]
[SourceVersion "1"]
[SourceVersionDate "2008.11.05"]
[SourceQuality "1"]

1. e4 c5 2. Nf3 e6 3. d4 cxd4 4. Nxd4 Nf6 5. Nc3 d6 6. Bc4 a6 7. 0-0 b5 8. Bb3 Be7 9. Qf3 Bb7 10. Bxe6 fxe6 11. Nxe6 Qd7 12. Nxg7+ Kf7 13. Nf5 Rf8 14. Nd5 Bd8 15. Re1 Nc6 16. Qg3 Ne5 17. Qg7+ Ke8 18. Bh6 Ng6 19. Qxd7+ Kxd7 20. Bxf8 Nxf8 21. Nxf6+ Bxf6 22. Rad1 Bxb2 23. Nxd6 Kc7 24. Nxb7 Kxb7 25. f4 Rc8 26. Re2 Ng6 27. g3 h5 28. Rd6 Rg8 29. Kf2 h4 30. e5 hxg3+ 31. hxg3 Ba3 32. Rf6 1-0